[Event "Sveins 6. Minneturnering"]
[Site "Oslo"]
[Date "2013.06.21"]
[Round "3"]
[White "Mikalsen, Erlend"]
[Black "Langmyhr, Tore"]
[Result "1-0"]
[WhiteElo "2117"]
[BlackElo "1930"]
[PlyCount "87"]
[EventDate "2013.??.??"]

1. e4 d5 2. exd5 Nf6 3. d4 Nxd5 4. c4 Nb6 5. Nc3 e5 6. Nf3 exd4 7. Nxd4 Bb4 8.
Be3 O-O 9. Qc2 c5 10. Nf3 Nc6 11. Bd3 Nd4 12. Bxh7+ Kh8 13. Bxd4 cxd4 14. O-O-O
Bxc3 15. bxc3 Qf6 16. Rxd4 g6 17. Rh4 Bf5 18. Bxg6+ Qxh4 19. Nxh4 Bxc2 20. Bxc2
Nxc4 21. Nf5 Rfe8 22. Nd4 a6 23. h4 Rac8 24. Bb3 Rc7 25. Kc2 b5 26. h5 Re4 27.
Kd3 Rf4 28. f3 Rf6 29. Re1 Nb2+ 30. Kc2 Nc4 31. Re8+ Kg7 32. Kd3 Nd6 33. Re5
Nc4 34. Re2 Rd6 35. g4 Rd8 36. g5 Rdc8 37. f4 Nd6 38. Rc2 Rh8 39. h6+ Kg6 40.
Re2 Re8 41. f5+ Kxg5 42. Rxe8 Kxh6 43. Ra8 Kg5 44. Rxa6
1-0

[Event "Sveins 6. Minneturnering"]
[Site "Oslo"]
[Date "2013.06.21"]
[Round "3"]
[White "Svensen, Tarjei Joten"]
[Black "Djurhuus, Eivind X"]
[Result "1/2-1/2"]
[WhiteElo "2094"]
[BlackElo "1934"]
[PlyCount "53"]
[EventDate "2013.??.??"]

1. d4 e6 2. c4 f5 3. g3 Nf6 4. Bg2 c6 5. Nc3 d5 6. Nf3 Bd6 7. O-O O-O 8. e3 Qe7
9. b3 b6 10. Qc2 Bb7 11. Ne2 Nbd7 12. Bb2 Rac8 13. cxd5 cxd5 14. Qd3 Rc7 15.
Rfc1 Rfc8 16. Rxc7 Rxc7 17. Rc1 Rxc1+ 18. Bxc1 Ne4 19. Bb2 Nb8 20. Ne5 Na6 21.
f3 Nf6 22. Qb1 Nb4 23. Nf4 Nd7 24. a3 Nc6 25. Nxd7 Qxd7 26. Nd3 Na5 27. Qc2
1/2-1/2

[Event "Sveins 6. Minneturnering"]
[Site "Oslo"]
[Date "2013.06.21"]
[Round "3"]
[White "Toby, Albert"]
[Black "Grønn, Eskil Ekeland"]
[Result "1-0"]
[WhiteElo "2074"]
[BlackElo "1883"]
[PlyCount "67"]
[EventDate "2013.??.??"]

1. d4 Nf6 2. Bg5 e6 3. e4 h6 4. Bxf6 Qxf6 5. Nc3 Bb4 6. Nf3 d5 7. e5 Qe7 8. Qd2
a6 9. a3 Ba5 10. b4 Bb6 11. Na4 Ba7 12. Be2 O-O 13. O-O Nd7 14. Qc3 b5 15. Nb2
Nb6 16. Nd3 Nc4 17. Nf4 Bb6 18. h4 Bd7 19. Rfe1 a5 20. g4 Ra7 21. g5 hxg5 22.
hxg5 g6 23. Kg2 Rfa8 24. Rab1 axb4 25. axb4 Qf8 26. Rh1 Qg7 27. Bd3 c6 28. Kg3
Be8 29. Rh6 Ra3 30. Qe1 Kf8 31. Qh1 Ke7 32. Rh7 Qg8 33. Qh6 Bxd4 34. Rg7
1-0

[Event "Sveins 6. Minneturnering"]
[Site "Oslo"]
[Date "2013.06.21"]
[Round "3"]
[White "Moseng, Geir"]
[Black "Sætre, Mathias"]
[Result "1-0"]
[WhiteElo "2068"]
[BlackElo "1798"]
[PlyCount "101"]
[EventDate "2013.??.??"]

1. d4 Nf6 2. c4 g6 3. Nc3 Bg7 4. e4 d6 5. Nge2 O-O 6. Ng3 e5 7. d5 a5 8. Be2
Na6 9. h4 Bd7 10. h5 Qe7 11. h6 Bh8 12. Bg5 Nc5 13. Qd2 c6 14. Qe3 Qe8 15. O-O
cxd5 16. cxd5 b5 17. Rac1 Ng4 18. Qd2 f6 19. Bxg4 Bxg4 20. Be3 Rc8 21. Nd1 b4
22. Bxc5 Rxc5 23. Rxc5 dxc5 24. Ne3 Bd7 25. Rc1 Qc8 26. Nc4 Qa6 27. Qe3 Bb5 28.
b3 Rc8 29. Qf3 Bxc4 30. Rxc4 Kf7 31. Ne2 Ke7 32. Nc1 Rc7 33. Nd3 Qc8 34. Qe3
Kd6 35. Nb2 f5 36. Rc2 Ra7 37. Nc4+ Ke7 38. Nb6 Qc7 39. Qxc5+ Qxc5 40. Rxc5 Rb7
41. Nc4 Kd7 42. f3 Bf6 43. Rxa5 Bg5 44. Nxe5+ Ke7 45. Nc4 Bxh6 46. Ra8 Bg7 47.
e5 Kd7 48. Rg8 Bh6 49. Rh8 Bg5 50. Rxh7+ Kd8 51. Rxb7 1-0

[Event "Sveins 6. Minneturnering"]
[Site "Oslo"]
[Date "2013.06.21"]
[Round "3"]
[White "Surender, Anil"]
[Black "Kjølberg, Jens Hjorth"]
[Result "1-0"]
[WhiteElo "2021"]
[BlackElo "2011"]
[PlyCount "81"]
[EventDate "2013.??.??"]

1. d4 Nf6 2. c4 e6 3. Nc3 Bb4 4. e3 b6 5. Bd3 Bb7 6. Nf3 O-O 7. O-O c5 8. a3
Bxc3 9. bxc3 d6 10. Bb2 Nc6 11. e4 e5 12. d5 Na5 13. Nd2 Qe7 14. Nb3 Nxb3 15.
Qxb3 Nd7 16. a4 a5 17. Rae1 g6 18. Bc1 Rab8 19. g3 Bc8 20. Qb1 Rd8 21. Bd2 f6
22. f4 Nf8 23. f5 gxf5 24. exf5 Bd7 25. Qd1 Be8 26. Bh6 Kh8 27. h4 Nd7 28. g4
Bf7 29. Rf2 Rg8 30. Rg2 e4 31. Rxe4 Ne5 32. Bf4 Qd7 33. Bxe5 dxe5 34. Re3 Rg7
35. g5 Qe7 36. g6 Rbg8 37. h5 hxg6 38. hxg6 Rf8 39. Qh5+ Kg8 40. Rh3 Bxg6 41.
fxg6
1-0

[Event "Sveins 6. Minneturnering"]
[Site "Oslo"]
[Date "2013.06.21"]
[Round "3"]
[White "Mac Arthur, John"]
[Black "Machlik, Jon"]
[Result "1-0"]
[WhiteElo "2013"]
[BlackElo "1837"]
[PlyCount "95"]
[EventDate "2013.??.??"]

1. a3 e5 2. c4 f5 3. Nc3 Nf6 4. g3 c6 5. Bg2 d6 6. d3 Be7 7. e4 O-O 8. Nge2
fxe4 9. dxe4 Ng4 10. O-O Qb6 11. Na4 Qd8 12. h3 Nf6 13. Nac3 Be6 14. b3 Nbd7
15. Be3 Nb6 16. Qc2 Qc8 17. Kh2 d5 18. c5 Nbd7 19. Na4 Nxe4 20. Bxe4 dxe4 21.
Qxe4 Bxb3 22. Nec3 Be6 23. Rfd1 Qe8 24. Rab1 Rb8 25. Rb2 Qh5 26. g4 Qh4 27. f3
Nf6 28. Qxe5 Bxg4 29. Qg3 Qxg3+ 30. Kxg3 Bf5 31. Kh2 Nh5 32. Rb4 Bxh3 33. Re4
Bxc5 34. Bxc5 Rxf3 35. Rh4 Nf4 36. Bd6 g5 37. Rg1 Re8 38. Rxg5+ Kf7 39. Bxf4 b5
40. Rxh7+ Kf6 41. Rh6+ Kf7 42. Be5 Rxe5 43. Rxe5 bxa4 44. Ne4 Kg7 45. Rxc6 Rxa3
46. Ng5 Bf1 47. Re7+ Kf8 48. Rf7+ 1-0

[Event "Sveins 6. Minneturnering"]
[Site "Oslo"]
[Date "2013.06.21"]
[Round "3"]
[White "Eriksen, Dag"]
[Black "Bue, Gunnar"]
[Result "1/2-1/2"]
[WhiteElo "1735"]
[BlackElo "1683"]
[PlyCount "66"]
[EventDate "2013.??.??"]

1. g3 Nf6 2. Bg2 c6 3. Nf3 g6 4. b3 Bg7 5. Bb2 O-O 6. c4 d6 7. d4 Nbd7 8. O-O
Ne4 9. Nfd2 Nef6 10. Qc2 e5 11. Rd1 exd4 12. Bxd4 Ne5 13. Bxe5 dxe5 14. Ne4 Qe7
15. Nxf6+ Bxf6 16. Nc3 Bg7 17. Rd2 Bf5 18. e4 Be6 19. Rad1 Rfd8 20. Na4 Rd4 21.
Rxd4 exd4 22. f4 Rd8 23. Nb2 c5 24. Nd3 b6 25. Qe2 Qd7 26. Rf1 Bg4 27. Bf3 Bh3
28. Rd1 Be6 29. g4 f6 30. f5 Bf7 31. Nf4 g5 32. Nd5 Bxd5 33. cxd5 Qd6
1/2-1/2

[Event "Sveins 6. Minneturnering"]
[Site "Oslo"]
[Date "2013.06.21"]
[Round "3"]
[White "Davis, Katherine S"]
[Black "Olsen, Ulrik"]
[Result "1-0"]
[WhiteElo "1637"]
[BlackElo "1733"]
[PlyCount "85"]
[EventDate "2013.??.??"]

1. e4 e5 2. Nf3 Nc6 3. Bb5 a6 4. Ba4 Nf6 5. O-O Be7 6. Re1 b5 7. Bb3 d6 8. h3
O-O 9. c3 Na5 10. d4 Nxb3 11. Qxb3 exd4 12. cxd4 d5 13. e5 Ne4 14. Nc3 Nxc3 15.
bxc3 c5 16. Ba3 c4 17. Qb2 Rb8 18. Bxe7 Qxe7 19. a3 a5 20. Nd2 Bf5 21. Nf1 b4
22. axb4 axb4 23. Ne3 Be6 24. f4 g6 25. cxb4 Rxb4 26. Qa3 Qb7 27. Qa6 Rb8 28.
Qxb7 R8xb7 29. g4 R4b5 30. f5 Bd7 31. h4 Bc6 32. Ra8+ Rb8 33. Rxb8+ Rxb8 34.
Ra1 Rb3 35. Kf2 gxf5 36. Nxf5 Kf8 37. Ra6 Bb7 38. Rd6 Ke8 39. Rf6 c3 40. Nd6+
Kd7 41. Rxf7+ Kc6 42. Nxb7 c2 43. Na5+
1-0

[Event "Sveins 6. Minneturnering"]
[Site "Oslo"]
[Date "2013.06.21"]
[Round "4"]
[White "Ziska, Helgi Dam"]
[Black "Hebden, Mark L"]
[Result "0-1"]
[WhiteElo "2474"]
[BlackElo "2548"]
[PlyCount "142"]
[EventDate "2013.??.??"]

1. e4 e5 2. Nf3 Nc6 3. Bc4 Nf6 4. d3 Be7 5. O-O O-O 6. c3 d6 7. Bb3 Na5 8. Bc2
c5 9. a3 Nc6 10. b4 a6 11. Re1 d5 12. h3 Be6 13. exd5 Nxd5 14. bxc5 Bxc5 15. d4
exd4 16. Ng5 Nf6 17. Nxh7 Nxh7 18. Bxh7+ Kxh7 19. Qh5+ Kg8 20. Qxc5 Rc8 21. Nd2
dxc3 22. Qxc3 Nd4 23. Qg3 Qa5 24. Qh2 Rfd8 25. Nf3 Nf5 26. Qe5 Rc5 27. Qe2 Bc4
28. Qe4 Bd5 29. Qxf5 Bxf3 30. Bd2 Rxf5 31. Bxa5 Rxa5 32. gxf3 Rd2 33. Kg2 Rg5+
34. Kf1 Rb5 35. Rab1 Rxb1 36. Rxb1 b5 37. a4 bxa4 38. Rb8+ Kh7 39. Rb6 a3 40.
Rxa6 a2 41. Kg2 f6 42. f4 Kg6 43. Kf3 Kf7 44. f5 Ke7 45. h4 Kd7 46. Ke3 Rb2 47.
f4 Kc7 48. Kd3 Kb7 49. Ra4 Kb6 50. Ra8 Rh2 51. Kc3 Kb5 52. h5 Rf2 53. Ra7 Kc5
54. Ra5+ Kd6 55. Kd3 Rh2 56. Kd4 Kc6 57. Kc3 Rf2 58. Ra8 Kd5 59. Ra4 Rxf4 60.
Rxa2 Rf3+ 61. Kb4 Rxf5 62. Rh2 Kd4 63. h6 gxh6 64. Rxh6 Rf2 65. Rh4+ Ke3 66.
Kc3 f5 67. Rh8 f4 68. Re8+ Kf3 69. Kd3 Ra2 70. Rf8 Ra4 71. Kd2 Kf2
0-1

[Event "Sveins 6. Minneturnering"]
[Site "Oslo"]
[Date "2013.06.21"]
[Round "4"]
[White "Mihajlov, Sebastian"]
[Black "Djurhuus, Rune"]
[Result "1/2-1/2"]
[WhiteElo "2101"]
[BlackElo "2455"]
[PlyCount "96"]
[EventDate "2013.??.??"]

1. d4 Nf6 2. Nf3 g6 3. c4 Bg7 4. Nc3 O-O 5. e4 d6 6. h3 Na6 7. Be3 c6 8. Be2 e5
9. d5 Bd7 10. Nd2 Nc7 11. g4 a6 12. h4 b5 13. g5 Nh5 14. Bxh5 gxh5 15. Qxh5
bxc4 16. Qe2 Nb5 17. Qxc4 Nxc3 18. dxc6 Rc8 19. Qxc3 Bxc6 20. Qd3 d5 21. exd5
Qxd5 22. Qxd5 Bxd5 23. O-O e4 24. Rab1 Rc2 25. b3 Rxa2 26. Nc4 f5 27. Rfd1 Bf7
28. Rd7 Be6 29. Re7 Bf7 30. Rd1 Ra1 31. Rxa1 Bxa1 32. Ra7 f4 33. Bc5 Rb8 34.
Nd6 Bxb3 35. Rxa6 Be5 36. Nxe4 Bd5 37. f3 Rb4 38. Kg2 Rb2+ 39. Kg1 Rb1+ 40. Kg2
Rb2+ 41. Kg1 Bxe4 42. fxe4 f3 43. Ra3 Rg2+ 44. Kf1 Rc2 45. Ba7 Rh2 46. Rxf3
Rxh4 47. Bf2 Rg4 48. Ke2 Rxe4+
1/2-1/2

[Event "Sveins 6. Minneturnering"]
[Site "Oslo"]
[Date "2013.06.21"]
[Round "4"]
[White "Østmoe, Geir Sune Tallaksen"]
[Black "Christiansen, Johan-Sebastian"]
[Result "1/2-1/2"]
[WhiteElo "2444"]
[BlackElo "2086"]
[PlyCount "90"]
[EventDate "2013.??.??"]

1. d4 Nf6 2. c4 c5 3. d5 b5 4. cxb5 a6 5. bxa6 g6 6. Nc3 Bxa6 7. e4 Bxf1 8.
Kxf1 d6 9. g3 Bg7 10. Kg2 Nbd7 11. Nf3 O-O 12. a4 Qb6 13. Qe2 Rfb8 14. Nb5 Ne8
15. Bg5 Kf8 16. Nd2 Qb7 17. Ra3 Nb6 18. b3 Ra6 19. h4 h5 20. g4 hxg4 21. h5 f6
22. Be3 f5 23. hxg6 fxe4 24. Qxg4 Qxd5 25. Qf4+ Kg8 26. Nxe4 Nd7 27. Raa1 Ne5
28. Nbc3 Qe6 29. Rag1 Rxb3 30. f3 Rb2+ 31. Bd2 Nf6 32. Rb1 Rb4 33. Nxf6+ Qxf6
34. Qxf6 Bxf6 35. Nd5 Rxb1 36. Rxb1 Rxa4 37. Bc3 Nxg6 38. Bxf6 exf6 39. Nxf6+
Kf7 40. Ne4 Ra6 41. Kg3 Ke6 42. Rc1 Rc6 43. f4 Kf5 44. Nxd6+ Rxd6 45. Rxc5+ Kf6
1/2-1/2

[Event "Sveins 6. Minneturnering"]
[Site "Oslo"]
[Date "2013.06.21"]
[Round "4"]
[White "Tari, Aryan"]
[Black "Bekker-Jensen, Simon"]
[Result "1-0"]
[WhiteElo "2354"]
[BlackElo "2419"]
[PlyCount "47"]
[EventDate "2013.??.??"]

1. e4 c5 2. Nf3 d6 3. d4 Nf6 4. Nc3 cxd4 5. Nxd4 a6 6. Be3 e5 7. Nb3 Be6 8. h3
Be7 9. Qf3 Nbd7 10. g4 Nb6 11. O-O-O Qc7 12. g5 Nfd7 13. Nd5 Bxd5 14. exd5 Nc4
15. h4 Rc8 16. Bd3 b5 17. Kb1 Nxe3 18. fxe3 O-O 19. Rdf1 Kh8 20. Qe4 g6 21. h5
f5 22. Qh4 Rg8 23. hxg6 Nf8 24. Qxh7+
1-0

[Event "Sveins 6. Minneturnering"]
[Site "Oslo"]
[Date "2013.06.21"]
[Round "4"]
[White "Hoi, Carsten"]
[Black "Mikalsen, Erlend"]
[Result "1-0"]
[WhiteElo "2392"]
[BlackElo "2117"]
[PlyCount "71"]
[EventDate "2013.??.??"]

1. d4 Nf6 2. Nf3 e6 3. e3 b6 4. Bd3 Bb7 5. O-O c5 6. c4 d5 7. cxd5 exd5 8. b3
Nbd7 9. Bb2 Bd6 10. Ne5 O-O 11. Nd2 Rc8 12. Rc1 Qe7 13. Nxd7 Nxd7 14. Qh5 g6
15. Qh6 f5 16. Nf3 Nf6 17. h3 Ne4 18. h4 Rc7 19. h5 Qe6 20. dxc5 bxc5 21. Nh4
Be5 22. Bxe5 Qxe5 23. hxg6 Rf6 24. f4 Qe6 25. Bxe4 hxg6 26. Bf3 g5 27. Qxg5+
Rg7 28. Qh5 Rh6 29. Qxh6 Qxh6 30. Nxf5 Qe6 31. Nxg7 Qxe3+ 32. Kh1 Kxg7 33. Rce1
Qd3 34. Re7+ Kf6 35. Rfe1 Bc8 36. Bh5 1-0

[Event "Sveins 6. Minneturnering"]
[Site "Oslo"]
[Date "2013.06.21"]
[Round "4"]
[White "Haug, Johannes"]
[Black "Grønn, Atle"]
[Result "1/2-1/2"]
[WhiteElo "2050"]
[BlackElo "2368"]
[PlyCount "77"]
[EventDate "2013.??.??"]

1. c4 g6 2. d4 Bg7 3. e3 c5 4. Ne2 Nf6 5. g3 cxd4 6. Nxd4 Nc6 7. Bg2 O-O 8. O-O
Nxd4 9. exd4 d5 10. cxd5 Nxd5 11. Nc3 Be6 12. Qf3 Nxc3 13. bxc3 Rc8 14. Qxb7
Rxc3 15. Be3 Rc7 16. Qb4 Bd5 17. Rfc1 Bxg2 18. Kxg2 Rd7 19. Rc4 Qa8+ 20. Kg1
Rfd8 21. Rac1 h6 22. h4 e6 23. Rc7 Rxc7 24. Rxc7 Rb8 25. Qe7 Qf3 26. Rc1 Rb7
27. Qe8+ Kh7 28. Qc6 Qxc6 29. Rxc6 h5 30. Ra6 Bh6 31. Bxh6 Kxh6 32. Rd6 Kg7 33.
Kg2 Kf6 34. Kf3 Rc7 35. Ra6 Rc3+ 36. Ke4 Rc2 37. Kf3 Rc3+ 38. Ke4 Rc2 39. Kf3
1/2-1/2

[Event "Sveins 6. Minneturnering"]
[Site "Oslo"]
[Date "2013.06.21"]
[Round "4"]
[White "Getz, Nicolai"]
[Black "Toby, Albert"]
[Result "1-0"]
[WhiteElo "2359"]
[BlackElo "2074"]
[PlyCount "45"]
[EventDate "2013.??.??"]

1. d4 c5 2. d5 Nf6 3. Nc3 Qa5 4. Bd2 b5 5. e4 b4 6. e5 bxc3 7. Bxc3 Qa4 8. exf6
Qe4+ 9. Qe2 Qxe2+ 10. Nxe2 gxf6 11. Ng3 d6 12. Bb5+ Bd7 13. Bd3 Bh6 14. O-O Bf4
15. Rae1 Be5 16. Bd2 Bxb2 17. c3 c4 18. Bxc4 a5 19. Re2 Kd8 20. Rfe1 Re8 21.
Be3 Bxc3 22. Rc1 e5 23. Rxc3
1-0

[Event "Sveins 6. Minneturnering"]
[Site "Oslo"]
[Date "2013.06.21"]
[Round "4"]
[White "Hansen, Lars-Henrik Bech"]
[Black "Arvola, Benjamin"]
[Result "1-0"]
[WhiteElo "2045"]
[BlackElo "2358"]
[PlyCount "67"]
[EventDate "2013.??.??"]

1. e4 c5 2. Nf3 Nc6 3. d4 cxd4 4. Nxd4 Nf6 5. Nc3 e5 6. Ndb5 d6 7. Nd5 Nxd5 8.
exd5 Ne7 9. c4 Nf5 10. Bd3 Be7 11. O-O O-O 12. f4 a6 13. Nc3 exf4 14. Bxf4 Bg5
15. Bxg5 Qxg5 16. Ne4 Qe3+ 17. Kh1 Qd4 18. Nxd6 g6 19. Bxf5 Qxd1 20. Raxd1 Bxf5
21. Nxf5 gxf5 22. Rxf5 Rae8 23. Kg1 Re4 24. Rg5+ Kh8 25. d6 Rd8 26. Rc5 Kg7 27.
Rc7 Re6 28. c5 b6 29. b4 a5 30. a3 axb4 31. axb4 Kg6 32. d7 bxc5 33. bxc5 Kf6
34. c6
1-0

[Event "Sveins 6. Minneturnering"]
[Site "Oslo"]
[Date "2013.06.21"]
[Round "4"]
[White "Djurhuus, Eivind X"]
[Black "Westerinen, Heikki M.J."]
[Result "0-1"]
[WhiteElo "1934"]
[BlackElo "2318"]
[PlyCount "66"]
[EventDate "2013.??.??"]

1. e4 Nf6 2. e5 Nd5 3. d4 d6 4. Nf3 Bg4 5. Be2 c6 6. O-O Bxf3 7. Bxf3 dxe5 8.
dxe5 e6 9. Qe2 Nd7 10. b3 Qc7 11. c4 Ne7 12. Bb2 Ng6 13. Re1 Bb4 14. Nd2 Ndxe5
15. Bxe5 Qxe5 16. Qxe5 Nxe5 17. Rxe5 Bxd2 18. Rd1 O-O-O 19. Re2 Bb4 20. Rxd8+
Rxd8 21. g4 Kc7 22. Kg2 Kb6 23. Re5 Ba3 24. Kf1 Bd6 25. Rh5 h6 26. g5 hxg5 27.
Rxg5 g6 28. h4 Be7 29. Rg4 Rh8 30. h5 Rxh5 31. Rd4 Rf5 32. Bg4 Rxf2+ 33. Kxf2
Bc5
0-1

[Event "Sveins 6. Minneturnering"]
[Site "Oslo"]
[Date "2013.06.21"]
[Round "4"]
[White "Salomon, Johan"]
[Black "Poulsen, Iver"]
[Result "0-1"]
[WhiteElo "2229"]
[BlackElo "2086"]
[PlyCount "102"]
[EventDate "2013.??.??"]

1. e4 c5 2. Nf3 g6 3. d4 cxd4 4. Nxd4 Nf6 5. Nc3 Nc6 6. Nxc6 bxc6 7. e5 Nh5 8.
Be2 Ng7 9. O-O Rb8 10. Kh1 Qa5 11. f4 Ba6 12. Bxa6 Qxa6 13. Ne4 Qc4 14. Re1 Ne6
15. b3 Qd4 16. Bd2 Bg7 17. Qf3 Rb7 18. Bc3 Qb6 19. f5 gxf5 20. Qxf5 h6 21. Rad1
c5 22. Rd3 Nd4 23. Bxd4 cxd4 24. Rg3 Qa5 25. Rf1 Bxe5 26. Qxf7+ Kd8 27. Rg8+
Rxg8 28. Qxg8+ Kc7 29. Qc4+ Kb6 30. Qf7 Qb5 31. a4 Qe2 32. a5+ Kc6 33. Qg6+ e6
34. Rg1 Rb8 35. Ng3 Bxg3 36. Qxg3 Rf8 37. h3 Rf5 38. Qg7 Qe3 39. a6 Rh5 40. Rb1
Qe4 41. Qg3 Rg5 42. Qf2 Rh5 43. Qg3 Rg5 44. Qf2 Rh5 45. Rd1 Rxh3+ 46. Kg1 Re3
47. Rd2 Re1+ 48. Kh2 Qe5+ 49. Kh3 Qh5+ 50. Kg3 Re3+ 51. Kf4 e5#
0-1

[Event "Sveins 6. Minneturnering"]
[Site "Oslo"]
[Date "2013.06.21"]
[Round "4"]
[White "Aulin-Jansson, Jøran"]
[Black "Merkesvik, Sondre"]
[Result "0-1"]
[WhiteElo "2222"]
[BlackElo "1934"]
[PlyCount "82"]
[EventDate "2013.??.??"]

1. d4 Nf6 2. Nf3 g6 3. c4 Bg7 4. Nc3 d5 5. cxd5 Nxd5 6. Bd2 O-O 7. e4 Nxc3 8.
Bxc3 c5 9. d5 e6 10. Bc4 exd5 11. Bxd5 Nd7 12. e5 Qe7 13. O-O Nb6 14. Bb3 Bf5
15. Re1 Rad8 16. Qc1 Rfe8 17. Bd2 Qc7 18. Bf4 Qc6 19. Bg5 Rd7 20. Qf4 Nd5 21.
Qh4 Nb4 22. Bf6 Nd3 23. Re3 b5 24. g4 Bxf6 25. exf6 Rxe3 26. Ng5 h5 27. gxf5
Ne1 28. f3 Nxf3+ 29. Nxf3 Qxf3 30. fxg6 c4 31. gxf7+ Kxf7 32. Rf1 Qg4+ 33. Qxg4
hxg4 34. Bd1 Rd6 35. Bxg4 Rxf6 36. Rd1 Rd3 37. Bh5+ Ke7 38. Re1+ Re6 39. Rf1
Rd2 40. Rf7+ Kd6 41. Bg4 Re1+
0-1

[Event "Sveins 6. Minneturnering"]
[Site "Oslo"]
[Date "2013.06.21"]
[Round "4"]
[White "Hauge, Lars Oskar"]
[Black "Moseng, Geir"]
[Result "1-0"]
[WhiteElo "2191"]
[BlackElo "2068"]
[PlyCount "81"]
[EventDate "2013.??.??"]

1. e4 e6 2. d4 d5 3. Nd2 Nf6 4. e5 Nfd7 5. Bd3 c5 6. c3 Nc6 7. Ne2 cxd4 8. cxd4
f6 9. exf6 Nxf6 10. O-O Bd6 11. Nf3 Qc7 12. Nc3 a6 13. Be3 O-O 14. Rc1 Bd7 15.
Re1 Rae8 16. Ne5 Bxe5 17. dxe5 Qxe5 18. Bc5 Qf4 19. Bxf8 Rxf8 20. g3 Qb4 21. h3
e5 22. Nxd5 Nxd5 23. Bc4 Bxh3 24. Bxd5+ Kh8 25. Bxc6 bxc6 26. Rxe5 Qxb2 27. Qe1
Qxa2 28. Re8 Qf7 29. Rxf8+ Qxf8 30. Rxc6 h6 31. Rxa6 Qc8 32. Qa1 Kh7 33. Ra7
Qf8 34. Qd4 Bf5 35. g4 Bg6 36. f4 Bf7 37. Qe4+ Bg6 38. f5 Be8 39. f6+ Bg6 40.
Qe7 Qg8 41. Qxg7+
1-0

[Event "Sveins 6. Minneturnering"]
[Site "Oslo"]
[Date "2013.06.21"]
[Round "4"]
[White "Mellem, Nikolas Axel"]
[Black "Mihajlov, Svetoslav"]
[Result "1-0"]
[WhiteElo "2124"]
[BlackElo "2055"]
[PlyCount "57"]
[EventDate "2013.??.??"]

1. e4 c5 2. Nc3 a6 3. Nf3 e6 4. d4 cxd4 5. Nxd4 Qc7 6. Be2 Bb4 7. O-O Nf6 8.
Be3 Bxc3 9. bxc3 Nxe4 10. Bd3 Nc5 11. Qg4 Nxd3 12. cxd3 O-O 13. f4 f5 14. Qh5
Qxc3 15. Rac1 Qa3 16. Nxe6 dxe6 17. Bc5 Qxd3 18. Rfd1 Qb5 19. Bxf8 Bd7 20. Bxg7
Kxg7 21. Rc3 Be8 22. Qg5+ Kf7 23. Rh3 Qb6+ 24. Kh1 Qb2 25. Rxh7+ Kf8 26. Qe7+
Kg8 27. Rh3 Nc6 28. Rg3+ Kh8 29. Qh4+
1-0

[Event "Sveins 6. Minneturnering"]
[Site "Oslo"]
[Date "2013.06.21"]
[Round "4"]
[White "Johansen, Stian"]
[Black "Mac Arthur, John"]
[Result "1-0"]
[WhiteElo "2081"]
[BlackElo "2013"]
[PlyCount "39"]
[EventDate "2013.??.??"]

1. d4 Nf6 2. c4 e6 3. Nc3 d5 4. cxd5 Nxd5 5. e4 Nxc3 6. bxc3 c5 7. Nf3 cxd4 8.
cxd4 Nc6 9. Bc4 b5 10. Bb3 Bb4+ 11. Bd2 Bxd2+ 12. Qxd2 Qa5 13. Rc1 Qxd2+ 14.
Kxd2 Na5 15. Rc7 Bb7 16. Ke3 Rc8 17. Rxc8+ Bxc8 18. Rc1 O-O 19. Rc7 a6 20. Ne5
1-0

[Event "Sveins 6. Minneturnering"]
[Site "Oslo"]
[Date "2013.06.21"]
[Round "4"]
[White "Omtvedt, Per"]
[Black "Rødsmoen, Maud"]
[Result "1-0"]
[WhiteElo "2051"]
[BlackElo "1769"]
[PlyCount "85"]
[EventDate "2013.??.??"]

1. e4 c5 2. Nc3 e6 3. g3 Nc6 4. Bg2 Nf6 5. d3 h6 6. f4 d5 7. e5 Nd7 8. Nf3 Be7
9. Qe2 Qc7 10. h4 a6 11. a4 Rb8 12. O-O b5 13. axb5 axb5 14. Re1 b4 15. Nd1 Nb6
16. c4 Qd7 17. Nf2 Ra8 18. Rxa8 Nxa8 19. cxd5 exd5 20. Bh3 Qc7 21. f5 g5 22.
hxg5 hxg5 23. Bg4 Nd8 24. Nxg5 c4 25. d4 Nc6 26. Nf3 b3 27. Bf4 Qa5 28. f6 Bxg4
29. Nxg4 Bb4 30. Rd1 Nc7 31. Ng5 Ne6 32. Nxe6 fxe6 33. Nf2 c3 34. bxc3 Bxc3 35.
Qg4 Nxd4 36. Qg7 Nf3+ 37. Kg2 Rh2+ 38. Kxf3 Kd8 39. Qe7+ Kc8 40. f7 Rxf2+ 41.
Kxf2 Qa2+ 42. Rd2 Bxd2 43. f8=Q#
1-0

[Event "Sveins 6. Minneturnering"]
[Site "Oslo"]
[Date "2013.06.21"]
[Round "4"]
[White "Gonzalez, Francisco Silva"]
[Black "Rødvik, Trym Daniel"]
[Result "1-0"]
[WhiteElo "2050"]
[BlackElo "1891"]
[PlyCount "119"]
[EventDate "2013.??.??"]

1. d4 Nf6 2. c4 g6 3. Nc3 Bg7 4. e4 O-O 5. f4 d6 6. Be2 c5 7. d5 e6 8. Nf3 exd5
9. cxd5 Re8 10. e5 dxe5 11. fxe5 Ng4 12. Bg5 Qa5 13. O-O Nxe5 14. Nxe5 Bxe5 15.
Bc4 Qb4 16. Qf3 Bf5 17. g4 Qxc4 18. gxf5 f6 19. fxg6 hxg6 20. Bxf6 Qd4+ 21. Rf2
Bxf6 22. Qxf6 Qxf6 23. Rxf6 Nd7 24. Rxg6+ Kh7 25. Rg3 Rg8 26. Re1 Rae8 27. Re4
Rxg3+ 28. hxg3 Rxe4 29. Nxe4 Kg6 30. g4 b5 31. d6 c4 32. Kf2 Kf7 33. g5 Kg6 34.
Ke3 Kf5 35. Kd4 a6 36. Nc5 Ne5 37. Kd5 Nf7 38. d7 Kxg5 39. Ne6+ Kg4 40. d8=Q
Nxd8 41. Nxd8 Kf3 42. Kd4 Ke2 43. Kc3 Ke3 44. Nc6 Ke4 45. Nb8 a5 46. Nc6 Kd5
47. Nxa5 Kc5 48. a3 b4+ 49. axb4+ Kb5 50. Nxc4 Kc6 51. Na3 Kb6 52. Kd4 Ka6 53.
Kd5 Kb7 54. Kd6 Kb6 55. b5 Kb7 56. Nc4 Kb8 57. Kc6 Ka7 58. Ne5 Ka8 59. b6 Kb8
60. Nd7+
1-0

[Event "Sveins 6. Minneturnering"]
[Site "Oslo"]
[Date "2013.06.21"]
[Round "4"]
[White "Kjøita, Henning Jakhelln"]
[Black "Sætre, Roger"]
[Result "1-0"]
[WhiteElo "2032"]
[BlackElo "1835"]
[PlyCount "55"]
[EventDate "2013.??.??"]

1. e4 c5 2. g3 g6 3. Bg2 Bg7 4. Nf3 Nc6 5. O-O e6 6. c3 d5 7. exd5 exd5 8. d4
cxd4 9. Nxd4 Nxd4 10. cxd4 Ne7 11. Bg5 O-O 12. Nc3 f6 13. Bf4 g5 14. Bd2 Be6
15. Re1 Bf7 16. Qb3 Qd7 17. Na4 Nc6 18. Nc5 Qc8 19. Bc3 b6 20. Ne6 Re8 21. Bxd5
Qd7 22. Bc4 b5 23. Qxb5 Bxe6 24. Rxe6 Rxe6 25. d5 Rc8 26. dxe6 Qe7 27. Rd1 Rc7
28. Rd7
1-0

[Event "Sveins 6. Minneturnering"]
[Site "Oslo"]
[Date "2013.06.21"]
[Round "4"]
[White "Bue, Gunnar"]
[Black "Olsen, Ulrik"]
[Result "0-1"]
[WhiteElo "1683"]
[BlackElo "1733"]
[PlyCount "54"]
[EventDate "2013.??.??"]

1. d4 Nf6 2. c4 g6 3. Nc3 d5 4. Nf3 Bg7 5. cxd5 Nxd5 6. Bd2 O-O 7. Rc1 Nc6 8.
e3 Bf5 9. Nxd5 Qxd5 10. Bc4 Qd6 11. O-O e5 12. Ng5 exd4 13. e4 Be6 14. Nxe6
fxe6 15. f4 Kh8 16. Qb3 e5 17. Bd5 Rab8 18. fxe5 Rxf1+ 19. Rxf1 Nxe5 20. Bf4 c6
21. Bxe5 Bxe5 22. Bc4 b5 23. Be2 Bxh2+ 24. Kh1 Be5 25. a4 bxa4 26. Qxa4 d3 27.
Bd1 Qd8
0-1

[Event "Sveins 6. Minneturnering"]
[Site "Oslo"]
[Date "2013.06.21"]
[Round "5"]
[White "Hebden, Mark L"]
[Black "Tari, Aryan"]
[Result "1/2-1/2"]
[WhiteElo "2548"]
[BlackElo "2354"]
[PlyCount "79"]
[EventDate "2013.??.??"]

1. d4 d5 2. Nf3 Nf6 3. c4 dxc4 4. e3 b5 5. a4 b4 6. Bxc4 e6 7. O-O Be7 8. Nbd2
O-O 9. Ne5 Bb7 10. a5 a6 11. Nb3 Nbd7 12. Nd3 Ne4 13. Nf4 Bd6 14. f3 Bxf4 15.
fxe4 Bh6 16. e5 c5 17. Qe2 Qh4 18. Nxc5 Nxc5 19. dxc5 Qe4 20. Ra4 Qxe5 21. Rxb4
Rab8 22. Rb6 Qxc5 23. b4 Qe5 24. Kh1 Rfc8 25. Rxb7 Rxb7 26. Bxa6 Rxc1 27. Rxc1
Rb8 28. Bb7 Bxe3 29. a6 Qd4 30. Re1 Rd8 31. Bf3 Bf2 32. Rf1 Be3 33. Re1 Bf2 34.
Rb1 g6 35. g3 Qb6 36. b5 Be3 37. Qc4 Qa5 38. Qb4 Qb6 39. Qe7 Qa5 40. Qb4
1/2-1/2

[Event "Sveins 6. Minneturnering"]
[Site "Oslo"]
[Date "2013.06.21"]
[Round "5"]
[White "Merkesvik, Sondre"]
[Black "Hillarp, Tiger"]
[Result "0-1"]
[WhiteElo "1934"]
[BlackElo "2517"]
[PlyCount "70"]
[EventDate "2013.??.??"]

1. Nf3 g6 2. g3 Bg7 3. Bg2 d6 4. O-O e5 5. c4 Ne7 6. Nc3 O-O 7. d4 Nd7 8. e4
exd4 9. Nxd4 Nc6 10. Be3 Nde5 11. Nxc6 bxc6 12. Qa4 c5 13. Rad1 Bd7 14. Qa6 Bg4
15. f3 Bc8 16. Qa4 Be6 17. Nd5 c6 18. Nf4 Bxc4 19. Rf2 Bb5 20. Qc2 Nc4 21. Bxc5
dxc5 22. Rxd8 Rfxd8 23. h4 Nxb2 24. Kh2 c4 25. Bf1 Ba4 26. Qc1 c3 27. Ne2 Rd2
28. Rg2 Rd1 29. Qe3 c2 30. Rg1 Bd4 31. Qg5 Bxg1+ 32. Kxg1 Bb5 33. h5 Bxe2 34.
h6 c1=Q 35. f4 Rxf1+
0-1